| 000 | 00422 a2200157 4500 | ||
|---|---|---|---|
| 005 | 20250627165430.0 | ||
| 020 | _a9780134887104 | ||
| 082 | _a657.02 FUH | ||
| 100 | _aFUHRMAN, P.H. | ||
| 245 | _aUsing Simply Accounting for Windows, Version 4.0 | ||
| 250 | _avol I | ||
| 260 |
_aNew York. _bPrentence Hall _c1997 |
||
| 300 |
_axxiv,662p.:ill., pictures, table _bindex _c27cm. |
||
| 700 | _aCHOQUETTE, A. | ||
| 942 |
_2ddc _cBKS |
||
| 999 |
_c5765 _d5765 |
||